|
|
|
|
| LEADER |
00000nas a2200000 a 4500 |
| 001 |
ssj0000390439 |
| 003 |
WaSeSS |
| 005 |
20200512172242.0 |
| 006 |
m d |
| 007 |
cr n |
| 008 |
070109c20079999caumr p s 0 a0eng c |
| 010 |
|
|
|a 2007214072
|
| 022 |
|
|
|l 1935-4010
|y 1935-4010
|
| 035 |
|
|
|a (WaSeSS)ssj0000390439
|
| 037 |
|
|
|b 4000 Shoreline Ct., Ste. 400, South San Francisco, CA 94080
|
| 040 |
|
|
|a DCB
|b eng
|c DCB
|d NSD
|d DLC
|d NSD
|d OCLCQ
|d OCLCF
|d OCLCO
|d GILDS
|d ZQP
|d WaSeSS
|
| 042 |
|
|
|a pcc
|a nsdp
|
| 050 |
0 |
0 |
|a QA76.8.M3
|b M22
|
| 082 |
1 |
0 |
|a 004
|2 14
|
| 222 |
|
0 |
|a Mac/Life
|b (South San Francisco, Calif.)
|
| 245 |
0 |
0 |
|a Mac/Life
|h [electronic resource].
|
| 246 |
1 |
3 |
|a MacLife
|
| 260 |
|
|
|a South San Francisco, CA :
|b Future US,
|c 2007-
|
| 310 |
|
|
|a Monthly
|
| 362 |
0 |
|
|a Vol. 1, no. 1 (Feb. 2007)-
|
| 500 |
|
|
|a Title from cover.
|
| 506 |
|
|
|a License restrictions may limit access.
|
| 588 |
|
|
|a Latest issue consulted: Vol. 1, no. 2 (Mar. 2007).
|
| 650 |
|
0 |
|a Macintosh (Computer)
|v Periodicals.
|
| 650 |
|
7 |
|a Macintosh (Computer)
|2 fast
|0 (OCoLC)fst01005130
|
| 655 |
|
0 |
|a Electronic journals.
|
| 780 |
0 |
0 |
|t Mac addict
|x 1088-548X
|w (DLC) 97658609
|w (OCoLC)34647426
|
| 850 |
|
|
|a DLC
|
| 856 |
4 |
0 |
|z Full text available from Research Library: 03/01/2016 to 07/31/2019
|u https://search.proquest.com/publication/2042757
|